000 00434nam a2200181Ia 4500
001 17553
005 20260306171526.0
008 260306s9999||||xx |||||||||||||| ||und||
041 _aESP
082 _aS 658.03
_bS22
100 _aSánchez Guzmán, José Ramón
_eAUT
245 0 _aPromoción en Marketing
260 _c1995
300 _a174 páginas :
_c25 cm.
650 _aGEN
654 _aCAN
942 _cLIB
_dJUS
_fJUS
_2ddc
_n
999 _c17553
_d17553